000 00568nam a2200193Ia 4500
003 GCL
008 140319s9999 xx 000 0 eng d
040 _aGCL /
_cGCL
082 0 4 _a961.2042092
_bT K
100 1 _aTAYLOR, JIM
245 1 0 _aKHADAFY MAN OR MYTH ? :
_bTHE LIBYAN REVOLUTION /
_cTAYLOR, JIM
260 _aانجلترا :
_bMIDEAST PUBLISHING COMPANY ،
_c1992
300 _a22 CM ؛
_c340 P
650 0 4 _aBIOGRAPHY
650 0 4 _aPRESIDENTS - LIBYA - BIOGRAPHY
650 0 4 _aKHADAFY, BIOGRAPHY
650 0 4 _aLIBYA - HISORY - 1969 -
942 _2ddc
_cBK
999 _c7280
_d7280